Efecto demográfico en los sistemas de pensiones/
Guardado en:
| Hovedforfatter: | |
|---|---|
| Andre forfattere: | |
| Format: | Ukendt |
| Udgivet: |
San José:
Academia de Centroamerica
|
| Fag: | |
| Tags: |
Tilføj Tag
Ingen Tags, Vær først til at tagge denne postø!
|
MARC
| LEADER | 00000 a2200000 04500 | ||
|---|---|---|---|
| 001 | 31315 | ||
| 003 | cru CIDCACS/IIS | ||
| 005 | 20180130160138.0 | ||
| 008 | 991231s d | ||
| 999 | |c 10385 |d 10385 | ||
| 020 | |a 9977210470 | ||
| 040 | |c cru CIDCACS/IIS | ||
| 090 | |a 14.01.01 L864e | ||
| 100 | 1 | |a López, Luis Guillermo |9 6530 | |
| 245 | |a Efecto demográfico en los sistemas de pensiones/ |c Luis Guillermo López | ||
| 260 | |a San José: |b Academia de Centroamerica | ||
| 300 | |a páginas 141-156 | ||
| 650 | |a PENSIONES DE JUBILACION | ||
| 650 | |a SEGURIDAD SOCIAL | ||
| 650 | |a ENVEJECIMIENTO DE LA POBLACION | ||
| 650 | |a SEGURO DE ENFERMEDAD | ||
| 650 | |a ASPECTOS FINANCIEROS | ||
| 650 | |a PROYECCIONES | ||
| 650 | |a SEGURIDAD SOCIAL | ||
| 650 | |a POBLACION ECONOMICAMENTE ACTIVA | ||
| 700 | |a | ||
| 700 | |a Herrera, Reinaldo | ||
| 700 | |a | ||
| 942 | |2 ddc |c LI | ||
| 773 | 0 | |0 1574 |9 1769 |a López, Grettel |d San José: Academia de Centroamerica |o 00951 |t Evolución demográfica de Costa Rica y su impacto en los sistemas de salud y pensiones / |w (cru CIDCACS/IIS)31316 |x 9977210470 |z 9977-21-047-0 | |



